50 Marvel Villains - Statistics

General Stats
  • This quiz has been taken 44 times
  • The average score is 33 of 50
Answer Stats
Hint Answer % Correct
Infinity gauntlet user Thanos
97%
Black gooey alien Venom
97%
God of Mischief Loki
94%
Master of Magneticism Magneto
94%
Flies on a glider throwing bombs Green Goblin
91%
Hydra leader with a scary face Red Skull
91%
Made of sand Sandman
91%
Red gooey alien Carnage
88%
Goddess of Death Hela
88%
Sorcerer/Scientist Doctor Doom
84%
Made of electricity Electro
84%
Crime boss often turned mayor Kingpin
84%
Devourer of Worlds Galactus
81%
General in the U.S. Army with anger issues Red Hulk
81%
Bird-themed with a wingsuit Vulture
81%
Dedicated hunter Kraven the Hunter
78%
Mutant who copies appearances Mystique
78%
A living planet Ego the Living Planet
75%
Unstoppable force Juggernaut
75%
Creates illusions Mysterio
75%
Robot created by Hank Pym Ultron
75%
Eight-armed scientist Doctor Octopus
72%
Inter-dimensional demonic entity Dormammu
69%
Known for slaughtering gods Gorr the God Butcher
69%
Dressed in a rhinoceros outfit Rhino
69%
Hank Pym's evil alter-ego Yellowjacket
66%
Regenerative mutant who fights Wolverine Sabretooth
63%
Ancient and powerful mutant Apocalypse
59%
Hydra member with a purple mask Baron Zemo
59%
Time traveling relative to Reed Richards Kang the Conqueror
59%
Genius known for using the Ten Rings Mandarin
59%
Can become any material he touches Absorbing Man
56%
Insane and has deadly aim Bullseye
56%
Mutant who manipulates fire Pyro
56%
Kree warlord Ronan the Accuser
56%
Thug who uses vibration-based gauntlets Shocker
56%
Fierce magical rival of Doctor Strange Baron Mordo
53%
Ruler of Hell Mephisto
53%
German scientist turned robot Arnim Zola
50%
Sorceress with a romance between her and Thor Enchantress
50%
King of the Dark Elves Malekith the Accursed
50%
Underground city dweller Mole Man
50%
Japanese samurai Silver Samurai
50%
Frenchmen who jumps Batroc the Leaper
44%
Evil brother to Black Bolt Maximus Boltagon
44%
Alternate version of Hulk during the apocalypse Maestro
38%
"Super soldier" of the Dark Elf race serving under Malekith Kurse
34%
Immovable object Blob
28%
Powerful sorceress from the stories of King Arthur Morgan le Fay
25%
Genius inventor and villain of the Fantastic Four; produces "magic" Wizard
19%
No matching quizzes found
Score Distribution
Percent of People with Each Score
Percentile by Number Answered
Your Score History
You have not taken this quiz